000 00552pab a2200181 454500
008 180718b2008 xxu||||| |||| 00| 0 eng d
100 _aKang, Yeo-Jin
245 _aThe impact of knowledge sharing on work performance: an empirical analysis of the public employees' perceptions in South Korea
260 _c2008
300 _ap.1548-568.
362 _aDec
650 _aPerformance appraisal
700 _aChang, Gee-Weon
700 _aKim, Seok-Eun
773 _aInternational Journal of Public Administration
908 _aN
909 _a81176
999 _c81176
_d81176